000 00952pam a2200313 a 4500
999 _c142163
_d142163
001 vtls000663203
003 PNM
005 20180728150219.0
008 111212t20122012my | g | 000 j may
015 _aM13-07933
020 _a9789673911233
_cRM49.83
_qpaperback
039 9 _a201306261419
_bnooraini
_c201306121134
_dkhuraisah
_c201211281100
_diliza
040 _aBNM
_cPNM
_beng
_dPPAK
_erda
049 _aklpmal
082 0 4 _a899.233010803
_222
090 0 0 _a899.233010803
_bMZU
_dG
100 0 _aM. Zuhaili,
_d1986-
_eauthor
245 1 0 _aTAPAK TANGAN ISTIMEWA /
_cM. Zuhaili
264 _aSeri Kembangan, Selangor :
_bPenerbitan Premier,
_c2012
264 _c© 2012
300 _a141 pages ;
_c18 cm
336 _2rdacontent
_atext
337 _2rdamedia
_aunmediated
338 _2rdacarrier
_avolume
490 1 _aSIRI BAHAN BACAAN SEKOLAH
650 1 0 _aShort stories, Malay
830 0 _aSiri bahan bacaan sekolah
942 _2ddc
_cB